000 00948nmm a2200301 a 4500
001 ocm000588687
003 TR-IsHL
005 20201028122926.0
008 110704s2010 tu tur
007 cr cn
020 _a9786055646103
035 _a588687
_b(N$T)
050 0 4 _aPL248.K67
_bF3 2010
090 0 4 _aPL248.K67
_bF3 2010
100 1 _aKöse, Zafer
245 1 0 _aFabrika yolu
_h[electronic resource] /
_cZafer Köse ; derl. Sevilay Emirza ; ed. Barış Aydınol
250 _a1 bs.
260 _aİstanbul :
_bSiyah Beyaz Yayınları,
_c2010
300 _a118 p.
650 4 _aDil ve Edebiyat
650 4 _aLanguage and Literature
650 0 _aTürk hikayesi
650 0 _aTurkish story
650 7 _aLITERARY COLLECTIONS / Middle Eastern
_2bisacsh
700 1 _aEmirza, Sevilay
700 1 _aAydınol, Barış
856 4 0 _uhttp://search.ebscohost.com/login.aspx?direct=true&scope=site&db=e011xww&AN=588687
999 _c2131
_d2131